000 00301nam a22001457a 4500
020 _a978-81-264-6406-7
082 _a834.812.3
_bCHA/K
100 _aCHANDRAN, SUBASH
245 _aKATHKAL
260 _aKOTTAYAM
_bDC BOOKS
_c2016
300 _a367
520 _aNOVEL
650 _aNOVEL
942 _cBK
999 _c4850
_d4850